• 首页
  • 本馆介绍
  • 公告通知
  • 最新文献
  • 馆藏检索
  • 电子资源
  • 读者导购
  • 参考咨询
  • 我的图书馆
  • 登录
  • 详细信息显示
  • 放入我的书架
  • 预约/预借图书
  • 作者相关作品
  • 分类相关作品
  • 丛书相关作品
  • 出版社相关作品

书目信息

  • 表格格式
  • 工作单格式
  • 卡片格式
题名:
捻军起义
    
 
作者: 郭豫明 编著
分册:  
出版信息: 上海   上海人民出版社  1979.4
页数: 112页
开本: 20cm
丛书名: 中国近代史丛书
单 册:
中图分类: K254.41
科图分类:
主题词: 中国--历史--1840~1949
电子资源:
ISBN:
000 00644nam0 2200217 45
001 0312221749
005 20060911111411.26
010    @dCNY0.27
100    @a20031222d1979 km y0chiy0120 ea
101    @achi
200 1  @a捻军起义@ANian Jun Qi Yi@f郭豫明编著@FGuo Yu Ming Bian Zhu
210    @a上海@c上海人民出版社@d1979.4
215    @a112页@d20cm
225    @a中国近代史丛书@f陈旭麓主编
410    @12001 @a中国近代史丛书
410    @1700 0@a陈旭麓@AChen Xu Lu@4主编
606 0  @a中国@x历史@z1840~1949
690    @aK254.41@v3
701 0  @a郭豫明@4编著
801    @aCN@bTSTCL@c20060911
905    @dK254.41@e12@f3@b67491-493@f1@b18810
    
    捻军起义/郭豫明编著.-上海:上海人民出版社,1979.4
    112页;20cm.-(中国近代史丛书/陈旭麓主编)
    
    
    ISBN :CNY0.27
    
●
相关链接 在E读中查询图书 在五车中查询图书 在当当中查询图书 在豆瓣中查询图书


正题名:捻军起义     索取号:K254.41/12         预约/预借

序号 登录号 条形码 馆藏地/架位号 状态 备注
1 0018810   001870960   密集书库/ [索取号:K254.41/12] 在馆    
2 0067490   202150867   密集书库/ [索取号:K254.41/12] 在馆    
3 0067491   001870880   密集书库/ [索取号:K254.41/12] 在馆    
4 0067492   001870924   密集书库/ [索取号:K254.41/12] 在馆    
5 0067493   001870844   密集书库/ [索取号:K254.41/12] 在馆    
6 0067494   202151982   密集书库/ [索取号:K254.41/12] 在馆    
7 0443833   204438331   密集书库/ [索取号:K254.41/12] 在馆    
8 0466528   204665282   密集书库/ [索取号:K254.41/12] 在馆    
9 0475356   204753560   密集书库/ [索取号:K254.41/12] 在馆    
唐山师范学院图书馆 欢迎您!
大连网信软件有限公司© 版权所有